000 00256cam a2200109ua 4500
100 _aLafore , Robert .
245 _aobject oriented programming /
_cRobert ,Lafore.
_hTextual Documents
300 _a ; .
504 _a
942 _cBK
999 _c13388
_d13388